000 00507nam a2200193Ia 4500
001 21692
003 IN-NITTTR
005 20251114233246.0
008 251113s9999||||xx |||||||||||||| ||eng||
040 _beng
040 _cIN-NITTTR
041 _aeng
082 _a610.28 B52 R
100 _aWelkowitz, Walter.
245 0 _aBiomedical instruments :
_b theory and design. /
_cWelkowitz, Walter., Deutsch, Sid., Akay, Metin
700 _a Akay, Metin
700 _a Deutsch, Sid.
942 _2ddc
_cBK
999 _c24322
_d24322